| 000 | 00855cad a22002535a 4500 | ||
|---|---|---|---|
| 008 | 000000s2002 xxk f 000 0 eng u | ||
| 020 |
_a0415217776 _a9780203995327 |
||
| 035 | _a(Sirsi) u118576 | ||
| 041 | _aeng. | ||
| 050 | _a711.3 | ||
| 100 | _aHall, P. | ||
| 245 | _aUrban and regional planning | ||
| 250 | _a4th ed. | ||
| 260 |
_aLondon _bRoutledge _c2002 |
||
| 300 |
_a237p. _c25cm. |
||
| 350 | _a19.99 | ||
| 520 | _aGives a historical overview of the developments and changes in the theory and practice of planning throughout the 20th century. Considers the nature of the planning process at the end of the 20th century and looks forward to the 21st century. | ||
| 650 | _aURBAN PLANNING | ||
| 650 | _aHISTORY | ||
| 650 | _aPOST-WAR REDEVELOPMENT | ||
| 650 | _aNEW TOWNS | ||
| 690 |
_aPlanning and development _96259 |
||
| 942 | _n0 | ||
| 999 |
_c102148 _d102148 |
||